书目信息 |
| 题名: |
现代控制理论基础
|
|
| 作者: | 王孝武 著 | |
| 分册: | ||
| 出版信息: | 北京 机械工业出版社 2009.06 |
|
| 页数: | 248页 | |
| 开本: | 26cm | |
| 丛书名: | ||
| 单 册: | ||
| 中图分类: | O231 | |
| 科图分类: | ||
| 主题词: | 信息论--数学理论 | |
| 电子资源: | ||
| ISBN: | 978-7-111-06228-8 | |
| 000 | 00672 nam 000241 | |
| 001 | 0100012838 | |
| 005 | 20181217103158.23 | |
| 010 | @a978-7-111-06228-8@dCNY23.00 | |
| 100 | @a20020101d2003 em y0chiy0121 ea | |
| 101 | @achi | |
| 102 | @aCN@b110000 | |
| 105 | @ay z 000yy | |
| 200 | 10 | @a现代控制理论基础@9xian dai kong zhi li lun ji chu@f王孝武著@Fwang xiao wu zhu |
| 205 | @a第2版 | |
| 210 | @a北京@c机械工业出版社@d2009.06 | |
| 215 | @a248页@d26cm | |
| 540 | @a现代控制理论基础 | |
| 606 | @a信息论@x数学理论 | |
| 690 | @aO231@v4 | |
| 701 | 0 | @a王孝武@9wang xiao wu@4著 |
| 801 | @aCN@c20080810 | |
| 901 | @a209121 | |
| 905 | @b940592-94@dO231@eW3801=2@f3 | |
| 现代控制理论基础/王孝武著.-第2版.-北京:机械工业出版社,2009.06 |
| 248页;26cm |
| ISBN 978-7-111-06228-8:CNY23.00 |
| ● |
| 相关链接 |
|
|
|
正题名:现代控制理论基础
索取号:O231/W3801=2
 
预约/预借
| 序号 | 登录号 | 条形码 | 馆藏地/架位号 | 状态 | 备注 |
| 1 | 1301130 | 213011300 | 自科库401/401自科库 48排5列5层/ [索取号:O231/W3801=2] | 在馆 | |
| 2 | 488219 | 204882190 | 自科二线504/504自科库 21排2列1层/ [索取号:O231/W3801] | 在馆 | |
| 3 | 488220 | 204882207 | 自科二线504/504自科库 21排2列1层/ [索取号:O231/W3801] | 在馆 | |
| 4 | 940592 | 209405927 | 自科库401/401自科库 48排5列5层/ [索取号:O231/W3801=2] | 在馆 | |
| 5 | 940593 | 209405936 | 自科库401/401自科库 48排5列5层/ [索取号:O231/W3801=2] | 在馆 | |
| 6 | 940594 | 209405945 | 自科库401/401自科库 48排5列5层/ [索取号:O231/W3801=2] | 在馆 |